Endokrin Kongresszus Hormonok tana : Önálló kísérletek
Elmentve itt :
| Dokumentumtípus: | Cikk |
|---|---|
| Megjelent: |
1971-09-03
|
| Sorozat: | Délmagyarország
61 No. 207 |
| Kulcsszavak: | egészségügyi tanácskozások, továbbképzések |
| Online Access: | http://dmarchiv.bibl.u-szeged.hu/103136 |
| LEADER | 00470nab a2200145 i 4500 | ||
|---|---|---|---|
| 001 | delm103136 | ||
| 005 | 20190405085521.0 | ||
| 008 | 190405s1971 hu o 0|| hun d | ||
| 040 | |a SZTE Délmagyarország Archívum |b hun | ||
| 041 | |a hun | ||
| 245 | 0 | 0 | |a Endokrin Kongresszus |h [elektronikus dokumentum] : |b Hormonok tana : Önálló kísérletek |
| 260 | |c 1971-09-03 | ||
| 300 | |a 1 | ||
| 490 | 0 | |a Délmagyarország |v 61 No. 207 | |
| 695 | |a egészségügyi tanácskozások, továbbképzések | ||